[Event "Titled Tue 26th Aug Late"]
[Site "chess.com INT"]
[Date "2025.08.26"]
[Round "3"]
[White "Maghsoodloo, Parham"]
[Black "Lisenkov, Svyatoslav"]
[Result "1-0"]
[WhiteTitle "GM"]
[BlackTitle "FM"]
[WhiteElo "2695"]
[BlackElo "2343"]
[WhiteFideId "12539929"]
[BlackFideId "34264183"]
[EventDate "2025.08.26"]

1. c4 g6 2. d4 Nf6 3. Nc3 Bg7 4. e4 O-O 5. h3 d6 6. Bd3 c5 7. d5 a6 8. a4 e6 9.
Nf3 exd5 10. cxd5 b6 11. O-O Re8 12. Re1 Nbd7 13. Bf4 Ne5 14. Nxe5 dxe5 15. Be3
Qd6 16. Rc1 Bd7 17. Nb1 Rec8 18. Na3 Ne8 19. Qe2 Qb8 20. Bxa6 Rd8 21. a5 Nd6 22.
axb6 Qxb6 23. Bd3 Rac8 24. Rc3 Qb4 25. f3 f5 26. Rec1 fxe4 27. fxe4 Nxe4 28. Rc4
Ng3 29. Qf2 Qb3 30. R4c3 Qb7 31. Qxg3 e4 32. Bxe4 Bxc3 33. bxc3 Re8 34. Bd3 Qb3
35. Nc4 Bb5 36. Bxg6 hxg6 37. Qxg6+ Kh8 38. Bg5 Rf8 39. Bf6+ Rxf6 40. Qxf6+ Kh7
41. Qf5+ Kh6 42. Qxc8 Qxc4 43. Qe6+ Kh7 44. Qf5+ Kg7 45. Qg4+ 1-0

[Event "Titled Tue 26th Aug Late"]
[Site "chess.com INT"]
[Date "2025.08.26"]
[Round "3"]
[White "Fellowes, Billy"]
[Black "Garcia Cuenca, Victor"]
[Result "1-0"]
[WhiteTitle "CM"]
[BlackTitle "FM"]
[WhiteElo "2122"]
[BlackElo "2293"]
[WhiteFideId "483540"]
[BlackFideId "2250829"]
[EventDate "2025.08.26"]

1. d4 d5 2. Nc3 c6 3. e4 dxe4 4. Nxe4 Nd7 5. Ng5 Ngf6 6. N1f3 e6 7. Bd3 Bd6 8.
O-O O-O 9. Re1 h6 10. Nh3 c5 11. c3 cxd4 12. cxd4 b6 13. Ne5 Bb7 14. Bf4 Bb8 15.
Rc1 Nd5 16. Bd2 Bd6 17. Qg4 Kh8 18. Qh5 Bxe5 19. dxe5 f5 20. Bxh6 gxh6 21. Qxh6+
Kg8 22. Qxe6+ Kg7 23. Bxf5 Rxf5 24. Qxf5 Nc5 25. Ng5 Qe7 26. Qh7+ Kf8 27. Qh8# 1-0

[Event "Titled Tue 26th Aug Late"]
[Site "chess.com INT"]
[Date "2025.08.26"]
[Round "3"]
[White "Tang, Austin"]
[Black "Harish, Neeraj"]
[Result "1-0"]
[BlackTitle "CM"]
[WhiteElo "1920"]
[BlackElo "2028"]
[WhiteFideId "30964580"]
[BlackFideId "30958130"]
[EventDate "2025.08.26"]

1. e4 c5 2. Nf3 e6 3. d4 cxd4 4. Nxd4 Nf6 5. Nc3 Nc6 6. Nxc6 bxc6 7. e5 Nd5 8.
Ne4 Qc7 9. f4 Qb6 10. c4 Bb4+ 11. Ke2 f5 12. exf6 Nxf6 13. Be3 Qd8 14. Nd6+ Bxd6
15. Qxd6 Bb7 16. Rg1 c5 17. Rd1 Ne4 18. Qe5 O-O 19. g3 d6 20. Qxe6+ Kh8 21. Bg2
Qb6 22. Bxe4 Rae8 23. Qxd6 Qxb2+ 24. Rd2 Qc3 25. Qd3 Qb4 26. Bxb7 Qxb7 27. Kf2
h6 28. Rb1 Qf7 29. Bxc5 Rd8 30. Qc2 Rde8 1-0

[Event "Titled Tue 26th Aug Late"]
[Site "chess.com INT"]
[Date "2025.08.26"]
[Round "3"]
[White "Adharsh K"]
[Black "Dessyn, Timothee"]
[Result "0-1"]
[WhiteTitle "FM"]
[BlackTitle "FM"]
[WhiteElo "2346"]
[BlackElo "2334"]
[WhiteFideId "25718207"]
[BlackFideId "651028859"]
[EventDate "2025.08.26"]

1. Nf3 d5 2. g3 Nf6 3. Bg2 e6 4. O-O Be7 5. d4 O-O 6. c4 Nbd7 7. Nc3 dxc4 8. a4
a5 9. e4 Nb6 10. Qe2 c5 11. Be3 cxd4 12. Bxd4 Bd7 13. Rfd1 Qc7 14. Ne5 Ra6 15.
Bxb6 Rxb6 16. Nxd7 Nxd7 17. Nb5 Qc6 18. Rac1 Ne5 19. Qe3 Bc5 20. Qc3 Nd3 21. Rc2
e5 22. Qxc4 Bxf2+ 23. Kf1 Qxc4 24. Rxc4 Nxb2 25. Rdc1 Nxc4 26. Rxc4 Bd4 27. Bh3
g6 28. Ke2 Rc6 29. Rxc6 bxc6 30. Nd6 Rb8 31. Bd7 Rd8 0-1

[Event "Titled Tue 26th Aug Late"]
[Site "chess.com INT"]
[Date "2025.08.26"]
[Round "3"]
[White "Gubajdullin, Alexei"]
[Black "Atis, Hasan"]
[Result "0-1"]
[WhiteTitle "FM"]
[BlackTitle "CM"]
[WhiteElo "2228"]
[BlackElo "2104"]
[WhiteFideId "4141202"]
[BlackFideId "44598017"]
[EventDate "2025.08.26"]

1. Nf3 d5 2. g3 Nf6 3. Bg2 b5 4. O-O Bb7 5. d3 Nbd7 6. Nbd2 e6 7. e4 c5 8. exd5
Bxd5 9. c4 bxc4 10. dxc4 Bb7 11. b3 Be7 12. Bb2 O-O 13. Qc2 Qc7 14. Rad1 Rfd8
15. Rfe1 Bc6 16. Nh4 Bxg2 17. Nxg2 Nf8 18. Ne4 Nxe4 19. Qxe4 Ng6 20. h4 h6 21.
h5 Nf8 22. Nf4 Rac8 23. Qf3 Qa5 24. Qg4 Bg5 25. a4 Rd2 26. Be5 Rcd8 27. Nh3 f5
28. Qf3 R2d3 29. Qe2 Rd2 30. Qf1 Be7 31. Nf4 Qb4 32. Nxe6 Nxe6 33. Rxd2 Qxd2 34.
Re2 Qd1 35. Re1 Qd3 36. Qg2 Kf7 37. Re3 Qd1+ 38. Kh2 Qxh5+ 39. Qh3 Qxh3+ 40.
Kxh3 Rd2 41. Rf3 Ng5+ 42. Kg2 Nxf3 0-1

[Event "Titled Tue 26th Aug Late"]
[Site "chess.com INT"]
[Date "2025.08.26"]
[Round "3"]
[White "Dylag, Emilia"]
[Black "Sobek, Jaroslav"]
[Result "1-0"]
[WhiteTitle "WFM"]
[BlackTitle "FM"]
[WhiteElo "2078"]
[BlackElo "2195"]
[WhiteFideId "21805172"]
[BlackFideId "301388"]
[EventDate "2025.08.26"]

1. d4 d5 2. c4 dxc4 3. e4 e5 4. Nf3 Bb4+ 5. Nbd2 exd4 6. Bxc4 Nc6 7. O-O Bg4 8.
h3 Bh5 9. Bd5 Nge7 10. Qb3 O-O 11. g4 Bg6 12. a3 Bd6 13. Qxb7 Rb8 14. Qa6 Rb6
15. Qa4 Nxd5 16. exd5 Ne5 17. Qxd4 Re8 18. Nxe5 Bxe5 19. Qa4 Bxb2 20. Bxb2 Rxb2
21. Nc4 Rbe2 22. Ne3 Qg5 23. Qxe8# 1-0

[Event "Titled Tue 26th Aug Late"]
[Site "chess.com INT"]
[Date "2025.08.26"]
[Round "3"]
[White "Purygin, Andrei"]
[Black "Lai, Duc Minh"]
[Result "1-0"]
[WhiteTitle "FM"]
[WhiteElo "2309"]
[BlackElo "2121"]
[WhiteFideId "24111180"]
[BlackFideId "12420387"]
[EventDate "2025.08.26"]

1. d4 Nf6 2. Nf3 e6 3. c4 Bb4+ 4. Bd2 a5 5. g3 O-O 6. Bg2 d6 7. O-O Bxd2 8.
Nbxd2 Qe7 9. Qc2 e5 10. e4 Na6 11. Rfe1 c6 12. a3 Bd7 13. Rad1 b5 14. cxb5 cxb5
15. Qd3 Rfc8 16. Nh4 exd4 17. Nf5 Bxf5 18. exf5 Qa7 19. Bxa8 Qxa8 20. Qxd4 Rd8
21. Ne4 Nxe4 22. Qxe4 d5 23. Rxd5 h6 24. Rxd8+ Qxd8 25. Qe8+ Qxe8 26. Rxe8+ Kh7
27. Ra8 Nc5 28. Rxa5 b4 29. Rxc5 bxa3 30. bxa3 g6 31. fxg6+ Kg7 32. gxf7 h5 33.
Rxh5 Kf8 34. Re5 Kxf7 35. Re1 Kf6 36. Kf1 Kf5 37. Ke2 Kg4 38. Kd1 Kh3 39. g4 Kg2
40. f4 Kf3 41. g5 Kg2 42. g6 Kf3 43. f5 Kg2 44. h4 Kf3 45. h5 Kg2 46. f6 Kf3 47.
h6 Kg2 48. a4 Kf3 49. a5 Kg2 50. a6 Kf3 51. Kd2 Kg4 52. Re2 Kh5 53. Re3 Kg5 54.
g7 Kf5 55. f7 Kg5 56. h7 Kh5 57. h8=Q+ Kg6 58. g8=Q+ Kf5 59. a7 Kf4 60. a8=Q Kf5
61. Qae8 Kf4 62. Rf3+ Kxf3 63. f8=Q# 1-0

[Event "Titled Tue 26th Aug Late"]
[Site "chess.com INT"]
[Date "2025.08.26"]
[Round "3"]
[White "Dubnevych, Maksym"]
[Black "Barwinska, Ewa"]
[Result "1-0"]
[WhiteTitle "FM"]
[BlackTitle "WFM"]
[WhiteElo "2296"]
[BlackElo "2029"]
[WhiteFideId "14184001"]
[BlackFideId "21833761"]
[EventDate "2025.08.26"]

1. Nc3 d5 2. e4 d4 3. Nce2 e5 4. c3 c5 5. Ng3 Nc6 6. Bc4 Nf6 7. Nf3 Bd6 8. O-O
a6 9. d3 b5 10. Bb3 h6 11. Nh4 O-O 12. Nhf5 Ne7 13. Qf3 Nxf5 14. Nxf5 Bxf5 15.
Qxf5 Qd7 16. Qf3 Qg4 17. Qxg4 Nxg4 18. cxd4 exd4 19. f4 Be7 20. a4 Nf6 21. e5
Nd7 22. Bd5 Rab8 23. axb5 axb5 24. Ra7 Nb6 25. Bc6 Bd8 26. f5 Nc8 27. Rd7 Ne7
28. Be4 c4 29. f6 gxf6 30. exf6 Ng6 31. Bxh6 c3 32. bxc3 dxc3 33. Bxg6 fxg6 34.
f7+ Kh8 35. Bxf8 Bb6+ 36. Kh1 Rxf8 37. Rb7 c2 38. Rxb6 Rxf7 39. Rc1 1-0

[Event "Titled Tue 26th Aug Late"]
[Site "chess.com INT"]
[Date "2025.08.26"]
[Round "3"]
[White "Tarhan, Adar"]
[Black "Urbina Perez, Juan Antonio"]
[Result "1-0"]
[WhiteTitle "IM"]
[BlackTitle "FM"]
[WhiteElo "2474"]
[BlackElo "2221"]
[WhiteFideId "34544712"]
[BlackFideId "2217368"]
[EventDate "2025.08.26"]

1. e4 c6 2. d4 d5 3. e5 c5 4. dxc5 e6 5. a3 Bxc5 6. b4 Be7 7. Qg4 g6 8. Bb2 h5
9. Qd1 a5 10. b5 a4 11. Bd3 Nd7 12. Nf3 Nh6 13. O-O Nc5 14. Be2 Nf5 15. Nbd2 Bd7
16. c4 dxc4 17. Nxc4 O-O 18. Nd6 Nb3 19. Nxf5 exf5 20. Rb1 Be6 21. Qe1 Qb6 22.
Nd2 Rfd8 23. Nxb3 Bxb3 24. e6 Qxe6 25. Qc3 f6 26. Rbe1 Rac8 27. Qg3 Qf7 28. Bxh5
Kh7 29. Rxe7 gxh5 30. Rxf7+ Bxf7 31. Bxf6 Rg8 32. Qf3 Rc4 33. Qxb7 Kg6 34. Be5
Rg4 35. Rd1 Re4 36. f4 h4 37. Rd6+ 1-0

[Event "Titled Tue 26th Aug Late"]
[Site "chess.com INT"]
[Date "2025.08.26"]
[Round "3"]
[White "Goldin, Roman"]
[Black "Silva Hernandez, Jesus Arturo"]
[Result "1-0"]
[WhiteTitle "FM"]
[BlackTitle "CM"]
[WhiteElo "2284"]
[BlackElo "1953"]
[WhiteFideId "2803860"]
[BlackFideId "5121000"]
[EventDate "2025.08.26"]

1. e4 c5 2. Nf3 g6 3. c3 Bg7 4. d4 cxd4 5. cxd4 d5 6. exd5 Nf6 7. Nc3 Nxd5 8. g3
O-O 9. Bg2 Nc6 10. O-O Ndb4 11. d5 Ne5 12. Nxe5 Bxe5 13. Bh6 Re8 14. Re1 Bf6 15.
Qb3 a5 16. Rad1 Bf5 17. Ne4 Bxe4 18. Rxe4 Qd7 19. h4 Na6 20. Be3 Rac8 21. Qb6 a4
22. Kh2 Rc2 23. b4 Rxa2 24. Bh3 Qd6 25. Qxd6 exd6 26. Rxe8+ Kg7 27. Rc1 h6 28.
Rcc8 Nxb4 29. Rh8 Be5 30. Bxh6+ Kf6 31. Bg5+ 1-0

[Event "Titled Tue 26th Aug Late"]
[Site "chess.com INT"]
[Date "2025.08.26"]
[Round "3"]
[White "Nassr, Ahmed"]
[Black "Ahn, Hongjin"]
[Result "0-1"]
[WhiteTitle "IM"]
[BlackTitle "IM"]
[WhiteElo "2153"]
[BlackElo "2304"]
[WhiteFideId "7904860"]
[BlackFideId "13201492"]
[EventDate "2025.08.26"]

1. d4 d6 2. Bf4 Nf6 3. e3 g6 4. Nf3 Bg7 5. h3 O-O 6. Be2 c5 7. c3 Nc6 8. Nbd2
Be6 9. O-O Qb6 10. Qc1 Rac8 11. dxc5 dxc5 12. Qc2 Rfd8 13. Rfd1 Na5 14. Ng5 Bf5
15. e4 Bd7 16. Be3 h6 17. Ngf3 Qc7 18. Nc4 Nxc4 19. Bxc4 Bc6 20. Qb3 e6 21. e5
Ne4 22. Rxd8+ Rxd8 23. Rd1 Rxd1+ 24. Qxd1 b5 25. Be2 Bxe5 26. Bxh6 Bg7 27. Bxg7
Kxg7 28. Qc1 Qd6 29. Qe3 f5 30. Ng5 Nxg5 31. Qxg5 c4 32. h4 Qd5 33. Bf3 Qd6 34.
h5 Be8 35. hxg6 a5 36. g3 b4 37. Kg2 a4 38. cxb4 a3 39. bxa3 c3 40. Bd1 Bc6+ 41.
Bf3 Bxf3+ 42. Kxf3 c2 43. Kg2 Qc6+ 44. Kh2 c1=Q 45. Qe7+ Kxg6 0-1

[Event "Titled Tue 26th Aug Late"]
[Site "chess.com INT"]
[Date "2025.08.26"]
[Round "3"]
[White "Rogov, Matfey"]
[Black "Sheehan, Ethan"]
[Result "0-1"]
[WhiteTitle "FM"]
[WhiteElo "2348"]
[BlackElo "2323"]
[WhiteFideId "44191308"]
[BlackFideId "30943965"]
[EventDate "2025.08.26"]

1. e4 g6 2. d4 Bg7 3. Nc3 d6 4. Be3 a6 5. g4 b5 6. h4 h6 7. g5 h5 8. Bg2 Bb7 9.
f4 e6 10. a3 Ne7 11. Nge2 Nd7 12. Ng3 c5 13. O-O O-O 14. dxc5 Nxc5 15. e5 Bxg2
16. Kxg2 Nb7 17. exd6 Nxd6 18. Bc5 Nef5 19. Nxf5 Nxf5 20. Bxf8 Ne3+ 21. Kh3 Nxd1
22. Bxg7 Ne3 23. Bf6 Qd2 24. Rg1 Qxc2 25. Rae1 Qf5+ 26. Kh2 Qxf4+ 27. Kh3 Qf3+
28. Rg3 Qf5+ 29. Kh2 Qf2+ 30. Kh3 Qxe1 0-1

[Event "Titled Tue 26th Aug Late"]
[Site "chess.com INT"]
[Date "2025.08.26"]
[Round "3"]
[White "Van Foreest, Machteld"]
[Black "Arabidze, Meri"]
[Result "0-1"]
[WhiteTitle "FM"]
[BlackTitle "IM"]
[WhiteElo "2313"]
[BlackElo "2444"]
[WhiteFideId "1051563"]
[BlackFideId "13604040"]
[EventDate "2025.08.26"]

1. e4 c5 2. Nf3 e6 3. g3 d5 4. exd5 exd5 5. d4 cxd4 6. Bg2 Bb4+ 7. Bd2 Qe7+ 8.
Qe2 Bc5 9. Na3 Bxa3 10. bxa3 Qxe2+ 11. Kxe2 Nc6 12. Rhe1 Bf5 13. Kf1+ Nge7 14.
Rab1 b6 15. Rb2 Be4 16. Bf4 O-O 17. Bd6 Rfe8 18. Ne5 Nxe5 19. Bxe4 dxe4 20. Bxe5
Nc6 21. Bf4 f5 22. Rb5 g6 23. Rd5 Rad8 24. Rxd8 Rxd8 25. Ke2 d3+ 26. cxd3 Rxd3
27. Rd1 Nd4+ 28. Ke1 Nf3+ 29. Ke2 Rxd1 30. Kxd1 Nxh2 31. Bb8 a6 32. Ke2 Ng4 33.
f3 exf3+ 34. Kxf3 b5 35. Kf4 Kf7 36. Kg5 h6+ 37. Kf4 Kf6 38. Bc7 g5+ 39. Kf3
Ne5+ 40. Ke2 Nc4 0-1

[Event "Titled Tue 26th Aug Late"]
[Site "chess.com INT"]
[Date "2025.08.26"]
[Round "3"]
[White "Carlsen, Magnus"]
[Black "Arkadan, Adib"]
[Result "1-0"]
[WhiteTitle "GM"]
[BlackTitle "CM"]
[WhiteElo "2839"]
[BlackElo "2215"]
[WhiteFideId "1503014"]
[BlackFideId "5304946"]
[EventDate "2025.08.26"]

1. e4 d6 2. f4 c5 3. Nf3 Nc6 4. Nc3 Bg4 5. Bb5 e6 6. Bxc6+ bxc6 7. h3 Bxf3 8.
Qxf3 d5 9. O-O Nf6 10. d3 Be7 11. b3 O-O 12. Kh1 a5 13. Bb2 Rb8 14. Na4 dxe4 15.
dxe4 c4 16. Rad1 Qc8 17. Bc3 Qa6 18. Bxf6 Bxf6 19. Nc5 Qb5 20. Nd7 cxb3 21. axb3
Rbd8 22. Nxf8 Rxf8 23. e5 Be7 24. Rd7 Bb4 25. c4 Qb8 26. Qxc6 Bc3 27. Qf3 Bb4
28. Qb7 Qe8 29. Rfd1 Kh8 30. Qb6 h5 31. Rd8 Qe7 32. Rxf8+ 1-0

[Event "Titled Tue 26th Aug Late"]
[Site "chess.com INT"]
[Date "2025.08.26"]
[Round "3"]
[White "Miserendino, Alfredo"]
[Black "Labussiere, Victor"]
[Result "0-1"]
[BlackTitle "FM"]
[WhiteElo "2032"]
[BlackElo "2298"]
[WhiteFideId "101800"]
[BlackFideId "2183129"]
[EventDate "2025.08.26"]

1. e4 c5 2. Nf3 Nc6 3. Bb5 g6 4. Bxc6 bxc6 5. O-O Bg7 6. Re1 Nf6 7. e5 Nd5 8. d4
cxd4 9. Nxd4 O-O 10. c4 Nc7 11. b3 Rb8 12. Bb2 Ne6 13. Nd2 Nxd4 14. Bxd4 d6 15.
Nf3 c5 16. Bc3 Bg4 17. h3 Bf5 18. Qd2 dxe5 19. Qxd8 Rbxd8 20. Bxe5 Bh6 21. Rad1
Bc2 22. Rxd8 Rxd8 23. Bc3 Kf8 24. g4 Bf4 25. h4 Rd3 26. Be5 Rxf3 27. Kg2 Bd2 28.
Re2 Rd3 0-1

[Event "Titled Tue 26th Aug Late"]
[Site "chess.com INT"]
[Date "2025.08.26"]
[Round "3"]
[White "Manukian, Artak"]
[Black "Shafer, Logan C"]
[Result "1-0"]
[BlackTitle "CM"]
[WhiteElo "2104"]
[BlackElo "2234"]
[WhiteFideId "13301373"]
[BlackFideId "30993342"]
[EventDate "2025.08.26"]

1. e4 c6 2. d4 d5 3. e5 Bf5 4. h4 h5 5. c4 e6 6. Ne2 dxc4 7. Ng3 Bg6 8. Bxc4 Nd7
9. Nc3 Nh6 10. Bg5 Be7 11. Nce4 Bxe4 12. Nxe4 Nf5 13. O-O Nb6 14. Bxe7 Qxe7 15.
Nd6+ Nxd6 16. exd6 Qxd6 17. Bb3 O-O-O 18. Qf3 Rd7 19. Rad1 Nd5 20. Rfe1 Rh6 21.
Re5 g6 22. Bxd5 cxd5 23. Re3 Rh8 24. Rc3+ Kb8 25. Rdc1 Rhd8 26. a4 a6 27. Qd3
Re8 28. Qd2 Qe7 29. b4 Qxh4 30. b5 a5 31. b6 Rdd8 32. Rc7 Rc8 33. Qxa5 Rxc7 34.
Qa7+ Kc8 35. Rxc7+ Kd8 36. Qb8# 1-0

[Event "Titled Tue 26th Aug Late"]
[Site "chess.com INT"]
[Date "2025.08.26"]
[Round "3"]
[White "Jahnz, Laurin"]
[Black "Ozcan, Kaan"]
[Result "1/2-1/2"]
[WhiteTitle "CM"]
[BlackTitle "FM"]
[WhiteElo "2219"]
[BlackElo "2223"]
[WhiteFideId "16261089"]
[BlackFideId "34566422"]
[EventDate "2025.08.26"]

1. e4 c5 2. f3 Nc6 3. Ne2 e5 4. Ng3 Nf6 5. Bc4 a6 6. a4 d5 7. exd5 Nxd5 8. O-O
Be7 9. Nc3 Nxc3 10. dxc3 O-O 11. Qxd8 Rxd8 12. Be3 Rb8 13. Rad1 Rxd1 14. Rxd1 b5
15. axb5 axb5 16. Bd5 Nd8 17. Ne4 c4 18. Bc5 Bxc5+ 19. Nxc5 Kf8 20. b3 cxb3 21.
cxb3 Ke7 22. Kf2 Ne6 23. Bxe6 Bxe6 24. Nxe6 Kxe6 25. Ra1 Rc8 26. Ra6+ Kf5 27.
Rb6 Rxc3 28. Rxb5 Rc2+ 29. Kg3 h5 30. h4 f6 31. b4 Rb2 32. Rb7 g5 33. hxg5 Kxg5
34. b5 h4+ 35. Kh3 Rb1 36. Kh2 f5 37. b6 e4 38. fxe4 fxe4 39. Rb8 e3 40. b7 e2
41. Re8 Rxb7 42. Rxe2 1/2-1/2

[Event "Titled Tue 26th Aug Late"]
[Site "chess.com INT"]
[Date "2025.08.26"]
[Round "3"]
[White "Gerbelli Neto, Eduardo"]
[Black "Calcada, Lucas Galvan"]
[Result "1-0"]
[WhiteElo "2114"]
[BlackElo "2072"]
[WhiteFideId "2103281"]
[BlackFideId "22746099"]
[EventDate "2025.08.26"]

1. e4 c5 2. Nc3 Nc6 3. f4 g6 4. Nf3 Bg7 5. Bc4 e6 6. f5 Nge7 7. fxe6 fxe6 8. d3
O-O 9. O-O d5 10. Bb3 b5 11. Nxb5 Qb6 12. c4 Ba6 13. a4 Rad8 14. Bg5 dxe4 15.
Nd2 Rxd3 16. Bc2 Rdd8 17. Bxe4 Rfe8 18. Qf3 Ne5 19. Qf4 Bxb5 20. axb5 Rd4 21.
Nf3 Rxc4 22. Nxe5 Bxe5 23. Qf7+ Kh8 24. Bf6+ Bxf6 25. Qxf6+ Kg8 26. Qf7+ Kh8 27.
Qxe8+ Kg7 28. Qf8# 1-0

[Event "Titled Tue 26th Aug Late"]
[Site "chess.com INT"]
[Date "2025.08.26"]
[Round "3"]
[White "Li, Yilin"]
[Black "Shton, Roman"]
[Result "0-1"]
[WhiteTitle "WFM"]
[WhiteElo "1921"]
[BlackElo "2081"]
[WhiteFideId "8610410"]
[BlackFideId "14137461"]
[EventDate "2025.08.26"]

1. e4 Nf6 2. e5 Nd5 3. d4 d6 4. c4 Nb6 5. f4 dxe5 6. fxe5 Bf5 7. Nc3 e6 8. Nf3
Bb4 9. Bd3 Bg4 10. Be3 c5 11. a3 cxd4 12. Bxd4 Bxf3 13. Bxb6 Bxc3+ 14. bxc3 Qxb6
15. Qxf3 Nc6 16. Qg3 O-O 17. O-O-O Qc5 18. Rhe1 Qxa3+ 19. Kd2 Qb2+ 20. Ke3 Qxc3
21. Kf2 Qd4+ 22. Kf1 Qc5 23. Re4 f6 24. Rg4 fxe5+ 25. Ke1 Qg1+ 26. Kd2 Qf2+ 0-1

[Event "Titled Tue 26th Aug Late"]
[Site "chess.com INT"]
[Date "2025.08.26"]
[Round "3"]
[White "Ragger, Markus"]
[Black "Vasynda, Oleksandr"]
[Result "1/2-1/2"]
[WhiteTitle "GM"]
[BlackTitle "FM"]
[WhiteElo "2569"]
[BlackElo "2209"]
[WhiteFideId "1610856"]
[BlackFideId "14176297"]
[EventDate "2025.08.26"]

1. d4 d5 2. c4 e6 3. Nf3 Nf6 4. g3 c6 5. Bg2 b5 6. cxb5 cxb5 7. O-O Be7 8. a3
O-O 9. Nc3 a6 10. Ne5 Bb7 11. f4 Nbd7 12. Kh1 Ne4 13. Nxe4 dxe4 14. Bd2 f5 15.
Rc1 Nxe5 16. dxe5 Rc8 17. Be3 Bd5 18. Kg1 Qd7 19. Qd4 Rxc1 20. Rxc1 Rc8 21.
Rxc8+ Qxc8 22. Qa7 Kf7 23. Kf2 Qc2 24. b4 Qc6 25. Bc5 Qb7 26. Qxb7 Bxb7 27. Bxe7
Kxe7 28. Ke3 Kd7 29. Kd4 Bd5 30. Kc5 Kc7 31. e3 Bc4 32. g4 g6 33. gxf5 gxf5 34.
h4 h5 35. a4 Be2 36. a5 Bd3 37. Bh3 Be2 38. Bg2 Bc4 39. Bh3 Be2 40. Bg2 1/2-1/2

[Event "Titled Tue 26th Aug Late"]
[Site "chess.com INT"]
[Date "2025.08.26"]
[Round "3"]
[White "Aalto, Patrik"]
[Black "Harriott, Tyrell"]
[Result "1-0"]
[WhiteTitle "FM"]
[WhiteElo "2335"]
[BlackElo "1933"]
[WhiteFideId "510726"]
[BlackFideId "2086484"]
[EventDate "2025.08.26"]

1. c4 e6 2. g3 d5 3. Bg2 c6 4. Nf3 f5 5. O-O Nf6 6. d4 Bd6 7. b3 O-O 8. Ba3 f4
9. Bxd6 Qxd6 10. Nbd2 Nbd7 11. Rc1 fxg3 12. hxg3 Ng4 13. e4 e5 14. cxd5 cxd5 15.
dxe5 Ndxe5 16. Nxe5 Qxe5 17. Nf3 Qxe4 18. Ng5 Qg6 19. Rxc8 Raxc8 20. Bxd5+ Kh8
21. Qxg4 Rc5 22. Nf7+ Rxf7 23. Qxg6 hxg6 24. Bxf7 g5 25. Rd1 g6 26. Bxg6 Kg7 27.
Be4 Rc7 28. Kg2 Kf6 29. f4 gxf4 30. gxf4 b6 31. Kf3 Ke6 32. Ke3 Rc3+ 33. Kd4 Rh3
34. Rg1 Rh2 35. Rg2 Rh3 36. f5+ Kf7 37. Ke5 Re3 38. Rh2 Kg7 39. f6+ Kg8 40. Rc2
Rxe4+ 41. Kxe4 Kf7 42. Rc7+ Kxf6 43. Rxa7 Ke6 44. Rb7 Kd6 45. Rxb6+ Kc5 46. Rb8
Kc6 47. Kd4 Kc7 48. Rh8 Kc6 49. a4 Kb6 50. b4 Kc6 51. Kc4 Kb6 52. a5+ Kc6 53.
Rb8 Kc7 54. Rb5 Kc6 55. a6 Kc7 56. a7 Kc6 57. a8=Q+ Kc7 58. Qa7+ Kc6 59. Rb6# 1-0

[Event "Titled Tue 26th Aug Late"]
[Site "chess.com INT"]
[Date "2025.08.26"]
[Round "3"]
[White "Joel Paul Ganta"]
[Black "Eminov, Orkhan"]
[Result "0-1"]
[WhiteTitle "CM"]
[BlackTitle "FM"]
[WhiteElo "2067"]
[BlackElo "2246"]
[WhiteFideId "35066145"]
[BlackFideId "13402153"]
[EventDate "2025.08.26"]

1. d4 Nf6 2. Nf3 g6 3. Nbd2 c5 4. c3 cxd4 5. cxd4 d5 6. g3 Bg7 7. Bg2 O-O 8. O-O
Nc6 9. Re1 Ne4 10. Nb3 Bf5 11. Bf4 Rc8 12. Rc1 Qb6 13. Ne5 Nxe5 14. Bxe5 Bxe5
15. Bxe4 Rxc1 16. Qxc1 Bxd4 17. Nxd4 Bxe4 18. e3 e5 19. Nb3 Bf3 20. Qc3 Qe6 21.
Nd2 e4 22. Nxf3 exf3 23. Qd3 Qh3 24. Qf1 Qxf1+ 25. Kxf1 Rc8 26. h3 Rc2 27. Rb1
a5 28. g4 h5 29. Kg1 h4 30. a4 Kf8 31. Rd1 Rxb2 32. Rxd5 Rb1+ 33. Kh2 Rf1 34.
Rd2 Ke7 35. Rb2 Ke6 36. Rxb7 Rxf2+ 37. Kg1 Ra2 38. Rb6+ Ke5 39. Rb5+ Ke4 40.
Rxa5 Kxe3 41. Re5+ Kf4 42. Re7 Kg3 0-1

[Event "Titled Tue 26th Aug Late"]
[Site "chess.com INT"]
[Date "2025.08.26"]
[Round "3"]
[White "Leitgeb, Julian"]
[Black "Msellek, Ilyass"]
[Result "0-1"]
[WhiteTitle "FM"]
[BlackTitle "IM"]
[WhiteElo "2311"]
[BlackElo "2406"]
[WhiteFideId "1663771"]
[BlackFideId "675938"]
[EventDate "2025.08.26"]

1. Nf3 Nf6 2. g3 c5 3. Bg2 Nc6 4. O-O d5 5. d4 e6 6. dxc5 Bxc5 7. c4 O-O 8. Nc3
d4 9. Na4 Be7 10. e3 e5 11. exd4 exd4 12. b3 Ne8 13. Bb2 Bf6 14. Nc5 Nc7 15. Ne4
Ne6 16. Nxf6+ Qxf6 17. Qd2 Rd8 18. Rfe1 a5 19. Rad1 a4 20. b4 a3 21. Ba1 Ra4 22.
Rb1 Qf5 23. Nh4 Qh5 24. Bf3 Qg5 25. Qxg5 Nxg5 26. Bxc6 bxc6 27. Bxd4 Bh3 28. Bb6
Rb8 29. Ba5 Ne6 30. Nf3 g5 31. Ne5 c5 32. Nd7 Rbxb4 33. Bxb4 cxb4 34. c5 Nd4 35.
Nf6+ Kg7 36. Nd5 Nf3+ 37. Kh1 Nxe1 38. Rxe1 Ra5 39. Rc1 b3 40. axb3 a2 41. Ra1
Rxc5 42. Ne3 f5 43. b4 Rc3 44. Kg1 Rb3 45. Nc2 Rb1+ 0-1

[Event "Titled Tue 26th Aug Late"]
[Site "chess.com INT"]
[Date "2025.08.26"]
[Round "3"]
[White "Sarana, Alexey"]
[Black "Sroczynski, Maciej"]
[Result "1-0"]
[WhiteTitle "GM"]
[BlackTitle "FM"]
[WhiteElo "2691"]
[BlackElo "2236"]
[WhiteFideId "24133795"]
[BlackFideId "1121472"]
[EventDate "2025.08.26"]

1. e4 c5 2. Nf3 Nc6 3. d4 cxd4 4. Nxd4 Qb6 5. Nb3 Nf6 6. Nc3 e6 7. Be3 Qc7 8. a3
a6 9. f4 d6 10. Bd3 Be7 11. g4 b5 12. g5 Nd7 13. Qh5 Bb7 14. h4 b4 15. axb4 Nxb4
16. Qe2 d5 17. exd5 Nxd5 18. Nxd5 Bxd5 19. O-O a5 20. Nd4 O-O 21. Nb5 Qb7 22. c4
Be4 23. Rad1 Nc5 24. Bxe4 Qxe4 25. Nc3 Qf5 26. Kg2 Rfd8 27. Rxd8+ Rxd8 28. Rd1
Rb8 29. Kg3 Ne4+ 30. Nxe4 Qxe4 31. Qd3 Qxd3 32. Rxd3 Rxb2 33. Rd7 Rb3 34. Kf2
Rb2+ 35. Kf3 Kf8 36. Ra7 Bb4 37. Bd4 Rb3+ 38. Ke4 Rh3 39. Ra8+ Ke7 40. Bxg7 Rxh4
41. Ra7+ Ke8 42. Be5 Rh1 43. Ra8+ Kd7 44. Ra7+ Ke8 45. Rc7 h6 46. gxh6 Rxh6 47.
c5 Rh1 48. Bd6 Re1+ 49. Kd4 1-0